旧制高等学校の現在の大学名 - Statistics

General Stats
  • This quiz has been taken 232 times
  • The average score is 11 of 16
Answer Stats
学校名 第一次高等学校令 現在の大学 % Correct
第一高等学校 大学予科 東京大学教養学部
99%
第三高等学校 大学予科 京都大学総合人間学部
96%
第二高等学校 大学予科 東北大学国際文化研究科・情報科学研究科
88%
第二高等学校 医学部 東北大学医学部
88%
第八高等学校 大学予科 名古屋大学情報文化学部・教養教育院
80%
第五高等学校 大学予科 熊本大学法学部・文学部・理学部
73%
第五高等学校 工学部 熊本大学工学部
73%
第四高等学校 大学予科 金沢大学人間社会学域・理工学域
71%
第四高等学校 医学部 金沢大学医薬保健学域
71%
第三高等学校 医学部 岡山大学医学部
64%
第六高等学校 大学予科 岡山大学文学部・法学部・経済学部・理学部
64%
第一高等学校 医学部 千葉大学医学部
62%
第七高等学校造士館 大学予科 鹿児島大学法文学部・理学部
58%
第五高等学校 医学部 長崎大学医学部
52%
第三高等学校 法学部 廃止
47%
第三高等学校 工学部 廃止
47%
No matching quizzes found
Score Distribution
Percent of People with Each Score
Percentile by Number Answered
Your Score History
You have not taken this quiz